000 00262nam a2200097Ia 4500
001 675321
005 20250826160939.0
008 250824s9999 xx 000 0 und d
245 0 _aRüzgâr Hakkında Hemen Hemen Her Şey
_cBob Harvey
260 _bTÜBİTAK YAYINLARI
999 _c675321
_d675321